Online
Catalog

Welcome Home : (Record no. 1695)

MARC details
000 -CABECERA
campo de control de longitud fija 02891nam a2200385 a 4500
001 - NÚMERO DE CONTROL
campo de control 000001818
005 - FECHA Y HORA DE LA ÚLTIMA TRANSACCIÓN
campo de control 20200929145720.0
008 - DATOS DE LONGITUD FIJA--INFORMACIÓN GENERAL
campo de control de longitud fija 090629s2005 cu ac 001 0 spa d
020 ## - NÚMERO INTERNACIONAL ESTÁNDAR DEL LIBRO
Número Internacional Estándar del Libro 959211269X
040 ## - FUENTE DE LA CATALOGACIÓN
Centro catalogador/agencia de origen DO-SdBNP
Lengua de catalogación spa
Centro/agencia transcriptor BNPHU
082 ## - NÚMERO DE LA CLASIFICACIÓN DECIMAL DEWEY
Número de clasificación 303.625
Número de documento/Ítem W442h
245 00 - MENCIÓN DE TÍTULO
Título Welcome Home :
Resto del título torturadores, asesinos y terroristas refugiados en EE. UU. /
Mención de responsabilidad, etc. prólogo Gerardo Hernández Nordelo ; Heriberto Rosabal ... [et al.].
260 ## - PUBLICACIÓN, DISTRIBUCIÓN, ETC.
Lugar de publicación, distribución, etc. La Habana :
Nombre del editor, distribuidor, etc. Capitán San Luis,
Fecha de publicación, distribución, etc. 2005.
300 ## - DESCRIPCIÓN FÍSICA
Extensión 273 p. :
Otras características físicas il., retrs. ;
Dimensiones 22 cm.
505 0# - NOTA DE CONTENIDO CON FORMATO
Información miscelánea Prólogo /
Mención de responsabilidad Gerardo Hernández Nordelo --
Título Esteban Ventura Novo: el hombre del traje blanco /
Mención de responsabilidad Heriberto Rosabal --
Título Rafael Díaz-Balart y familia: almas en subasta /
Mención de responsabilidad Mercedes Alonso y Pedro A. García --
Título Orlando Piedra: el hombre de oro de Batista /
Mención de responsabilidad Ciro Bianchi Ross --
Título Rolando Masferrer Rojas: ¡Voló en pedazos el "Tigre"! /
Mención de responsabilidad Amaury E. del Valle --
Título Relación de otros connotados esbirros de la dictadura batistiana que encontraron refugio en Estados Unidos --
-- Andrés Nazario Sargén: "Habrán hechos de sangre" /
Mención de responsabilidad Pedro de la Hoz --
Título Orlando Bosch Ávila: tiene cientos de muertos clavados en las pestañas /
Mención de responsabilidad José Antonio Fulgueiras --
Título Guillermo Novo Sampoll: ¡Yo no soy un terrorista! /
Mención de responsabilidad Manuel Hevia Frasquieri --
Título Pedro Crispín Remón Rodríguez: el sicario de la máscara negra /
Mención de responsabilidad Manuel Hevia Frasquieri --
Título Luis Zuñiga Rey: "Es nuestro hijo de puta..." /
Mención de responsabilidad Luis Báez --
Título Ramón Saúl Sánchez Rizo: ¿Un "pacifista", un "demócrata" que se pasa 40 años poniendo bombas...? /
Mención de responsabilidad Lázaro Barredo --
Título Algo más sobre el terrorista Ramón saúl Sánchez Rizo /
Mención de responsabilidad René González Sehwerert --
Título Leonel Macías González: traición en el canal. La muerte en la 50-34 /
Mención de responsabilidad Ileana García --
Título Rodolfo Frómeta: Frómeta y F-4: el cruce genético del terrorismo /
Mención de responsabilidad Joel García --
Título Luis Posada Carriles: el diablo los cría y el diablo los junta. El que faltaba /
Mención de responsabilidad Juan Carlos Rodríguez Cruz --
Título A manera de epílogo /
Mención de responsabilidad René González Sehwerert --
Información miscelánea De los autores.
650 #4 - PUNTO DE ACCESO ADICIONAL DE MATERIA--TÉRMINO DE MATERIA
Término de materia o nombre geográfico como elemento de entrada Terroristas
Subdivisión general Ensayos, conferencias, etc.
9 (RLIN) 5896
650 #4 - PUNTO DE ACCESO ADICIONAL DE MATERIA--TÉRMINO DE MATERIA
Término de materia o nombre geográfico como elemento de entrada Terrorismo
Subdivisión general Estudio de casos
9 (RLIN) 5897
651 #4 - PUNTO DE ACCESO ADICIONAL DE MATERIA--NOMBRE GEOGRÁFICO
Nombre geográfico Estados Unidos
Subdivisión general Relaciones Exteriores
Subdivisión geográfica Siglo Xxi
9 (RLIN) 5898
700 1# - PUNTO DE ACCESO ADICIONAL--NOMBRE DE PERSONA
Nombre de persona Rosabal, Heriberto
9 (RLIN) 5899
700 1# - PUNTO DE ACCESO ADICIONAL--NOMBRE DE PERSONA
Nombre de persona Alonso, Mercedes
9 (RLIN) 5900
700 1# - PUNTO DE ACCESO ADICIONAL--NOMBRE DE PERSONA
Nombre de persona García, Pedro A.
9 (RLIN) 5901
700 1# - PUNTO DE ACCESO ADICIONAL--NOMBRE DE PERSONA
Nombre de persona Bianchi Ross, Ciro
9 (RLIN) 5902
700 1# - PUNTO DE ACCESO ADICIONAL--NOMBRE DE PERSONA
Nombre de persona Valle, Amaury E. del
9 (RLIN) 5903
700 1# - PUNTO DE ACCESO ADICIONAL--NOMBRE DE PERSONA
Nombre de persona Hoz, Pedro de la
9 (RLIN) 5904
700 1# - PUNTO DE ACCESO ADICIONAL--NOMBRE DE PERSONA
Nombre de persona Fulgueiras, José Antonio
9 (RLIN) 5905
700 1# - PUNTO DE ACCESO ADICIONAL--NOMBRE DE PERSONA
Nombre de persona Hevia Frasquieri, Manuel
9 (RLIN) 5906
700 1# - PUNTO DE ACCESO ADICIONAL--NOMBRE DE PERSONA
Nombre de persona Báez, Luis
9 (RLIN) 5907
700 1# - PUNTO DE ACCESO ADICIONAL--NOMBRE DE PERSONA
Nombre de persona Barredo, Lázaro
9 (RLIN) 5908
700 1# - PUNTO DE ACCESO ADICIONAL--NOMBRE DE PERSONA
Nombre de persona González Sehwerert, René
9 (RLIN) 5909
700 1# - PUNTO DE ACCESO ADICIONAL--NOMBRE DE PERSONA
Nombre de persona García, Ileana
9 (RLIN) 5910
700 1# - PUNTO DE ACCESO ADICIONAL--NOMBRE DE PERSONA
Nombre de persona García, Joel
9 (RLIN) 5911
700 1# - PUNTO DE ACCESO ADICIONAL--NOMBRE DE PERSONA
Nombre de persona Rodríguez Cruz, Juan Carlos
9 (RLIN) 5912
700 1# - PUNTO DE ACCESO ADICIONAL--NOMBRE DE PERSONA
Nombre de persona Hernández Nordelo, Gerardo,
Término indicativo de función/relación pról.
9 (RLIN) 5913
910 ## - DATOS DE OPCIÓN DEL USUARIO (OCLC)
Datos de opción del usuario Validado. Control de calidad. EMS
Holdings
Estado de retiro Estado de pérdida Restricciones de uso No para préstamo Código de colección Localización permanente Ubicación/localización actual Ubicación en estantería Fecha de adquisición Número de inventario Total de préstamos Signatura topográfica completa Código de barras Fecha visto por última vez Precio válido a partir de Tipo de ítem Koha Número de copia
      Excluido de préstamo Monografías: Libros y Folletos General General Depósito 29.06.2009 LF1   303.625 W442h 1818-10 25.06.2020 25.06.2020 No se presta  
      Excluido de préstamo Monografías: Libros y Folletos General General Depósito 29.06.2009 LF1   303.625 W442h 1818-20 25.06.2020 25.06.2020 No se presta e. 2

Powered by Koha